Každodenné menu: tanier nôt Košickí speváčikovia pripravení na cestu do talianskeho Arezza

Podrobná bibliografia
Hlavný autor: Bobriková, Zuzana (Autor)
Korporatívny autor: Košický detský spevácky zbor (Autor)
Médium: Článok
Jazyk:slovenčina
Predmet:

MARC

LEADER 00000nab a2200000 a 4500
001 vtls000921552
003 SK-MaSNL
005 20260303034045.0
008 040720e19940817xo 0 slo
035 |a KE30429 
040 |a KEVKJB  |b slo  |c KEVKJB  |e AACR2 
041 0 |a slo 
044 |a xo  |c SK 
080 |a 78.087.6  |2 1981 
100 1 |a Bobriková, Zuzana  |4 aut  |9 340855 
245 1 0 |a Každodenné menu: tanier nôt  |b Košickí speváčikovia pripravení na cestu do talianskeho Arezza 
610 2 7 |a Košický detský spevácky zbor (Košice, Slovensko)  |2 KEVKJB  |9 881998 
650 0 7 |a súťaže  |2 KEVKJB  |9 3301 
650 0 7 |a prípravy  |2 KEVKJB  |9 315432 
650 0 7 |a informácie  |2 KEVKJB  |9 1285 
651 7 |a Košice (Slovensko)  |2 KEVKJB  |9 18694 
651 7 |a KE,  |2 KEVKJB  |9 877256 
655 7 |a periodikum  |2 snkbucl  |9 29553 
710 2 |a Košický detský spevácky zbor  |4 aut  |9 881999 
773 0 8 |t Pravda  |g Roč. 4, č.191, 17.8.1994, s. 7 
852 |a ZVYKNI  |b KIS3GCP 
999 |c 1672209  |d 1674139